Statystyki dla Miasta w ekstraklasie

Kliknij tutaj aby rozwiązać quiz!

Ogólne statystyki

  • Ten quiz został rozwiązany 230 razy
  • Średni wynik to 31 z 58

Statystyki odpowiedzi

Liczba klubówMiasto% Poprawnych
4Warszawa
99%
7Kraków
98%
1Gdańsk
96%
3Poznań
95%
2Gdynia
90%
2Szczecin
90%
1Wrocław
90%
5Łódź
88%
1Białystok
87%
3Katowice
83%
1Lublin
83%
2Bydgoszcz
77%
1Lubin
76%
1Zabrze
76%
1Toruń
75%
1Gliwice
74%
1Kielce
74%
1Rzeszów
74%
2Chorzów
73%
1Częstochowa
73%
1Olsztyn
73%
1Nieciecza
71%
1Bielsko Biała
70%
1Radom
70%
1Opole
66%
1Sosnowiec
65%
1Płock
64%
2Bytom
59%
1Nowy Sącz
59%
1Legnica
58%
1Mielec
55%
1Bełchatów
53%
2Tychy
51%
1Wronki
47%
1Łęczna
44%
1Tarnów
43%
1Grodzisk Wielkopolski
42%
4Lwów
40%
2Wałbrzych
40%
1Niedobczyce/Rybnik
36%
1Rybnik
36%
1Tarnobrzeg
35%
1Wodzisław Śląski
27%
1Jaworzno
26%
1Siedlce
26%
1Stalowa Wola
24%
1Wilno
23%
1Ostrowiec Świętokrzyski
21%
1Jastrzębie
20%
1Radzionków
20%
1Nowy Dwór Mazowiecki
19%
1Radomsko
18%
1Pniewy
15%
1Polkowice
15%
1Dębica
14%
1Racibórz
12%
1Radlin
11%
1Świętochłowice
8%

Rozkład punktacji

Percentyl według liczby udzielonych odpowiedzi

Procent ludzi z każdym wynikiem

Twoja historia wyników

Nie rozwiązałeś tego quizu